000 00769cam a22002657a 4500
003 CHAP
005 20220329134915.0
008 971013s1925 r 00010 d
010 _a27866
011 _a28838
035 _a32949
040 _cCHAP
082 _a636.8089
_bK57
100 0 0 _aKirk, Hamilton.
_963341
245 1 4 _aThe diseases of the cat and its genraleral management
260 _aLondon :
_bBailliƩre,
_c1925
300 _a418 p.
_b: ilus.
590 _aBATCH-UPD
_b10
_c20130110
_lUCH01
_h0242
590 _aBATCH-UPD
_b10
_c20130110
_lUCH01
_h2255
590 _aCONVERSION
_b10
_c20130109
_lUCH01
_h1316
650 1 4 _aGatos
_xEnfermedades.
_947277
901 _aBK
942 _cLIBRO
949 _a636.8089 K57
_bBC
_cBPA
_d-76684
_eBPA
_h24696
_i32949
_si
999 _c27866
_d27866